Länder mit Umlaut - Statistiken

Allgemein
  • Dieses Quiz wurde 392 mal gespielt
    316 seit der letzten Aktualisierung
  • Das Durchschnittsergebnis liegt bei 7 aus 11
Antwortstatistiken
Land % Korrekt
Österreich
91%
Ägypten
81%
Äthiopien
74%
Äquatorialguinea
64%
Südkorea
62%
Türkei
62%
Südafrika
61%
Dänemark
58%
Südsudan
52%
Rumänien
43%
Vereinigtes Königreich
35%
Keine übereinstimmenden Quizze gefunden
Verteilung der Resultate
Anzahl Personen mit jedem Resultat
Perzentil nach korrekt beantworteten Fragen
Ihre Resultats-Entwicklung
Sie haben dieses Quiz seit der letzten Aktualisierung nicht gespielt